Представление документа в формате MARC21

Поле Инд. ПП Название Значение
Тип записи a
Библиографический уровень a
001 Контрольный номер 8835626b81244b0f89ae971bb696e082
005 Дата корректировки 20180409143712.1
020 a ISBN 978-5-7609-1071-4
040 a Служба первич. каталог. НБ ТвГУ
b Код языка каталог. rus
e Правила каталог. PSBO
041 0_ a Код языка текста rus
097 b Оператор novikova
100 1_ a Автор Измайлов Владимир Васильевич
q Полное имя Измайлов В. В.
245 10 a Заглавие Влияние тонких пленок жирных кислот на трибологические свойства дискретного контакта металлических поверхностей
260 a Место издания Тверь
b Издательство Тверской государственный университет
504 a Библиография Библиогр.: с. 248 (9 назв.)
520 0_ a Аннотация Экспериментально определены значения коэффициента трения в единичном контакте шар – плоскость при малых нагрузках 0,5-5 мН. Материал контактирующих тел – сталь. Эксперименты проводились при наличии на поверхности плоской детали тонких пленок жирных кислот с различной длиной молекул.
653 0_ a Ключевые слова Коэффициент трения
a Ключевые слова Удельная сила трения
a Ключевые слова Жирные кислоты
a Ключевые слова Тонкие пленки
a Ключевые слова Трибологические свойства
a Ключевые слова Металлические поверхности
700 12 a Другие авторы Гусев Александр Федорович
q Полное имя Гусев А. Ф.
700 12 a Другие авторы Новоселова Марина Вячеславовна
q Полное имя Новоселова М. В.
773 18 w Контрольный № источника 67f1c3cb19164cf49a6059cbdd45e2bd
t Название источника Физико-химические аспекты изучения кластеров, наноструктур и наноматериалов
d Место и дата издания Тверь : Тверской государственный университет , 2015
g Прочая информация Вып. 7. - С. 242-248
856 40 u URL http://texts.lib.tversu.ru/texts/11646t.pdf
x Примечание для ЭОР Справка УИС 2016
i Дата подключения ЭОР 20170418
x Примечание для ЭОР Реестр суммарного учета сетевых локальных документов
900 a Имя макрообъекта 11646t
901 t Тип документа a
920 a Оператор Нови